|
|
|
|
| LEADER |
00000nam0a2200000 4500 |
| 001 |
291506 |
| 005 |
20231102000409.0 |
| 020 |
|
|
|a RU
|b 83-74237
|
| 035 |
|
|
|a (RuTPU)RU\TPU\book\316075
|
| 090 |
|
|
|a 291506
|
| 100 |
|
|
|a 20150414d1983 km y0rusy5003 ca
|
| 101 |
0 |
|
|a rus
|
| 102 |
|
|
|a RU
|
| 105 |
|
|
|a a z 001zy
|
| 200 |
1 |
|
|a Технология подземной разработки руд
|f Н. Г. Дубынин [и др.]
|
| 210 |
|
|
|a Москва
|c Недра
|d 1983
|
| 215 |
|
|
|a 125 с.
|c ил.
|
| 300 |
|
|
|a Авт. указаны в вып. дан.
|
| 606 |
1 |
|
|a Полезные ископаемые
|x Разработка подземная
|x Планирование
|x Математические методы
|2 stltpush
|3 (RuTPU)RU\TPU\subj\50115
|9 68862
|
| 610 |
1 |
|
|a руды
|
| 610 |
1 |
|
|a добыча
|
| 610 |
1 |
|
|a высокопроизводительные технологии
|
| 610 |
1 |
|
|a подземные рудники
|
| 610 |
1 |
|
|a производительность
|
| 610 |
1 |
|
|a блоки
|
| 610 |
1 |
|
|a отбойники
|
| 610 |
1 |
|
|a подготовка
|
| 675 |
|
|
|a 622.272
|z rus
|v 3
|
| 701 |
|
1 |
|a Дубынин
|b Н. Г.
|g Николай Григорьевич
|
| 701 |
|
1 |
|a Коваленко
|b В. А.
|g Виктор Андреевич
|
| 701 |
|
1 |
|a Умнов
|b А. Е.
|g Анатолий Емельянович
|
| 701 |
|
1 |
|a Власов
|b В. Н.
|g Владимир Никифорович
|
| 801 |
|
0 |
|a RU
|b RuMRKP
|c 19950704
|g psbo
|
| 801 |
|
1 |
|a RU
|b 63413507
|c 20150414
|
| 801 |
|
2 |
|a RU
|b 63413507
|c 20180425
|g RCR
|
| 942 |
|
|
|c BK
|